Vista normal
Vista MARC
Entrada Personal Name
Número de registros utilizados en: 1
001 - CONTROL NUMBER
- control field: 16772
003 - CONTROL NUMBER IDENTIFIER
- control field: DLC
005 - DATE AND TIME OF LATEST TRANSACTION
- control field: 20250219141957.0
008 - FIXED-LENGTH DATA ELEMENTS
- fixed length control field: 140113n| azannaabn |a aaa c
010 ## - LIBRARY OF CONGRESS CONTROL NUMBER
- LC control number: no2014004041
035 ## - SYSTEM CONTROL NUMBER
- System control number: (OCoLC)oca09655011
040 ## - CATALOGING SOURCE
- Original cataloging agency: NN
- Language of cataloging: spa
- Description conventions: rda
- Transcribing agency: Mx-PuUPA
- Modifying agency: Mx-PuUPA
046 ## - SPECIAL CODED DATES
- Birth date: 1979
100 1# - HEADING--PERSONAL NAME
- Personal name: Beltramo Álvarez, Andrés,
- Dates associated with a name: 1979-
370 ## - ASSOCIATED PLACE
- Place of birth: La Plata (Argentina)
- Source of term: naf
372 ## - FIELD OF ACTIVITY
- Field of activity: Periodismo, Religioso
- Source of term: lcsh
373 ## - ASSOCIATED GROUP
- Associated group: Universidad Popular Autónoma del Estado de Puebla
- Source of term: naf
374 ## - OCCUPATION
- Occupation: Periodista
- Source of term: lcsh
374 ## - OCCUPATION
- Occupation: Autor
- Source of term: lcsh
375 ## - GENDER
- Gender: hombre
377 ## - ASSOCIATED LANGUAGE
- Language code: spa
400 1# - SEE FROM TRACING--PERSONAL NAME
- Personal name: Álvarez, Andrés Beltramo,
- Dates associated with a name: 1979-
670 ## - SOURCE DATA FOUND
- Source citation: De Benedicto a Francisco, 2013:
- Information found: title page (Andrés Beltramo Álvarez) back cover (b. 1979 in La Plata, Argentina; journalist from Universidad Popular Autónoma del Estado de Puebla)